000
00235nam a22000857a 4500
008
160914b xxu||||| |||| 00| 0 eng d
100
_9
445
_a
Aggarwal. J.C.etal
245
_a
Social Science- 4
260
_a
New Delhi
_b
S. Chand Publications
_c
2012
999
_c
3104
_d
3104